000 01041nam a2200265Ia 4500
003 OSt
005 20221005103443.0
006 a|||||r|||| 00| 0
007 ta
008 221004b |||||||| |||| 00| 0 hin d
020 _a9789382037200 (hbk)
_cINR 1295.00
024 _a34261
037 _b2351, 15/09/2017, Kiran Book Service
_cTextual
040 _aCRL
_cCRL
_bhin
041 _2hin
_ahin
082 _aR65,6, 152Q3
100 _aमेहता, पारूल एम., ले.
245 0 _aभारतीय संस्कृति में गीतात्रय-तात्विक अभिगम
246 _aBhāratīya sanskṛuti mean gītātraya-tātvik abhigama
260 _aजयपुर
_bप्रिज्म बुक्स भारत
_c2013
300 _a302पृ0
_ccm.
650 _aभगवत् गीता
942 _hR65,6, 152Q3
_cTEXL
_2cc
999 _c1010103
_d1010103